000
00297nam a2200121Ia 4500
008
240624s9999 xx 000 0 und d
041
_a
eng
082
_a
425 COL
100
_a
COLLINS TIM
245
_a
CORRECT UR ENGLISH ERRORS
260
_c
2014
_a
New Delhi
_b
Tata McGraw - Hill
365
_c
RS
_b
33
999
_c
26263
_d
26263